[Event "BL2-Ost 1920"]
[Site "Germany"]
[Date "2021.08.08"]
[Round "10.5"]
[White "Popovic, Dusan"]
[Black "Wisnet, Dominic"]
[Result "1/2-1/2"]
[WhiteElo "2483"]
[BlackElo "2299"]
[PlyCount "45"]
[EventDate "2019.10.19"]
[EventType "team-tourn"]
[EventRounds "11"]
[EventCountry "GER"]
[SourceTitle "EXT 2023"]
[Source "ChessBase"]
[SourceDate "2022.10.05"]
[SourceVersion "1"]
[SourceVersionDate "2022.10.05"]
[SourceQuality "1"]
[WhiteTeam "Deggendorf"]
[BlackTeam "Passau"]
[WhiteTeamCountry "GER"]
[BlackTeamCountry "GER"]

1. e4 e5 2. Nf3 Nc6 3. Bb5 Nf6 4. 0-0 Nxe4 5. Re1 Nd6 6. Nxe5 Be7 7. Bf1 0-0 8. d4 Ne8 9. Nc3 Nf6 10. Bg5 d6 11. Nxc6 bxc6 12. Qf3 Bd7 13. Bd3 Re8 14. h3 Nd5 15. Nxd5 Bxg5 16. Rxe8+ Bxe8 17. Nxc7 Qxc7 18. Qf5 Bd2 19. Qxh7+ Kf8 20. Qh8+ Ke7 21. Qxg7 Qa5 22. h4 Qh5 23. g3 1/2-1/2

[Event "BL2-Ost 1819"]
[Site "Germany"]
[Date "2019.03.24"]
[Round "10.3"]
[White "Wisnet, Dominic"]
[Black "Eliseev, Evgeniy1111"]
[Result "1/2-1/2"]
[WhiteElo "2290"]
[BlackElo "2389"]
[PlyCount "45"]
[EventDate "2018.11.10"]
[EventType "team-tourn"]
[EventRounds "10"]
[EventCountry "GER"]
[SourceTitle "CBM 190 Extra"]
[Source "ChessBase"]
[SourceDate "2019.07.15"]
[SourceVersion "1"]
[SourceVersionDate "2019.07.15"]
[SourceQuality "1"]
[WhiteTeam "Passau"]
[BlackTeam "Nuernberg NT"]
[WhiteTeamCountry "GER"]
[BlackTeamCountry "GER"]

1. Nf3 d6 2. d4 Nf6 3. e3 Nbd7 4. c4 e5 5. Nc3 Be7 6. Be2 0-0 7. 0-0 c6 8. b3 Re8 9. Qc2 a6 10. Rd1 Qc7 11. Bb2 b5 12. cxb5 cxb5 13. Rac1 Bf8 14. dxe5 dxe5 15. Nd5 Qxc2 16. Nxf6+ Nxf6 17. Rxc2 e4 18. Nd4 Bd7 19. Nc6 Be6 20. Nd4 Bd7 21. Nc6 Be6 22. Nd4 Bd7 23. Nc6 1/2-1/2

[Event "Karlsruhe Grenke op"]
[Site "Karlsruhe"]
[Date "2018.03.30"]
[Round "2"]
[White "Wisnet, Dominic"]
[Black "Papp, Gabor"]
[Result "0-1"]
[WhiteElo "2272"]
[BlackElo "2604"]
[PlyCount "158"]
[EventDate "2018.03.29"]
[EventType "swiss"]
[EventRounds "9"]
[EventCountry "GER"]
[SourceTitle "CBM 183 Extra"]
[Source "ChessBase"]
[SourceDate "2018.04.19"]
[SourceVersion "1"]
[SourceVersionDate "2018.04.19"]
[SourceQuality "1"]

1. e4 c5 2. Nf3 d6 3. d4 cxd4 4. Nxd4 Nf6 5. Nc3 Nc6 6. Be2 g6 7. Be3 Bg7 8. 0-0 0-0 9. Qd2 Ng4 10. Bxg4 Bxg4 11. Nxc6 bxc6 12. Bh6 Qb6 13. Bxg7 Kxg7 14. b3 Rad8 15. Na4 Qc7 16. c4 Be6 17. Rfe1 f6 18. Rac1 Bf7 19. Qe3 e5 20. Nc3 Rd7 21. Re2 Qa5 22. Rd2 Rfd8 23. Rcd1 Be6 24. h3 Qb4 25. Kh2 h6 26. Rd3 Qb7 27. f4 Bf7 28. Qd2 Be8 29. Rf1 Qc7 30. Qf2 Rf7 31. Kh1 g5 32. fxg5 fxg5 33. Rf3 Rxf3 34. Qxf3 Qe7 35. Qe3 Bg6 36. Ne2 Rf8 37. Rxf8 Kxf8 38. Kg1 Kg7 39. Nc1 Qc7 40. Nd3 c5 41. Qe1 Qf7 42. Qe3 a5 43. Nf2 a4 44. Qd3 axb3 45. axb3 Qc7 46. Ng4 Qe7 47. Ne3 Qf6 48. Ng4 Qf8 49. Nf2 h5 50. Qd2 Qf6 51. b4 cxb4 52. Qxb4 Qe7 53. Qc3 Qa7 54. Qd2 Qa1+ 55. Kh2 Qd4 56. Qe2 Bf7 57. Nd1 Qxc4 58. Qe3 Kg6 59. Qf3 Qe6 60. Ne3 Qf6 61. Nf5 d5 62. g4 hxg4 63. hxg4 Be6 64. Qh3 Bxf5 65. gxf5+ Kg7 66. exd5 e4 67. Qg4 Qe5+ 68. Kg2 Kf6 69. d6 Qb2+ 70. Kf1 Qc1+ 71. Ke2 Qc2+ 72. Ke1 Qc3+ 73. Kf1 Qd3+ 74. Kg1 e3 75. d7 Qxd7 76. Qe4 Qd1+ 77. Kg2 Qe2+ 78. Kh1 Qf1+ 79. Kh2 Qf4+ 0-1

[Event "Oberliga Bayern 1718"]
[Site "Bayern"]
[Date "2018.02.25"]
[Round "7.2"]
[White "Wisnet, Dominic"]
[Black "Schmid, Roland1111"]
[Result "1-0"]
[WhiteElo "2274"]
[BlackElo "2309"]
[PlyCount "159"]
[EventDate "2017.10.22"]
[EventType "team-tourn"]
[EventRounds "9"]
[EventCountry "GER"]
[SourceTitle "EXT 2020"]
[Source "ChessBase"]
[SourceDate "2019.10.17"]
[SourceVersion "1"]
[SourceVersionDate "2019.10.17"]
[SourceQuality "1"]
[WhiteTeam "Passau"]
[BlackTeam "Regensburg Post/Sued"]
[WhiteTeamCountry "GER"]
[BlackTeamCountry "GER"]

1. e4 c6 2. d4 d5 3. Nc3 dxe4 4. Nxe4 Nd7 5. Nf3 Ngf6 6. Bd3 Nxe4 7. Bxe4 Nf6 8. Bd3 Bf5 9. 0-0 Bxd3 10. Qxd3 e6 11. Bf4 Be7 12. Rfe1 0-0 13. Qb3 Nd5 14. Bg3 Qb6 15. Ne5 Rfd8 16. Rad1 Bf6 17. Nc4 Qxb3 18. axb3 Nb6 19. Nd6 Rd7 20. c3 Be7 21. Ne4 Rad8 22. Ra1 a6 23. Ra5 Nd5 24. Kf1 h6 25. f3 Nf6 26. Nf2 Rd5 27. Rxd5 cxd5 28. Nd3 Rc8 29. Ke2 Rc6 30. Kd2 Nd7 31. Ra1 f6 32. b4 Kf7 33. b5 axb5 34. Ra7 b4 35. cxb4 Rb6 36. Kc3 e5 37. dxe5 fxe5 38. Bxe5 Bxb4+ 39. Nxb4 Nxe5 40. Nxd5 Rb5 41. Ne3 Nc6 42. Ra4 Re5 43. Kd3 Rb5 44. Rf4+ Kg8 45. Kc3 Rc5+ 46. Rc4 Re5 47. Re4 Rc5+ 48. Kd3 Rb5 49. Nc4 Rd5+ 50. Kc3 b5 51. Ne3 Rc5+ 52. Kd3 Rc1 53. Kd2 Rb1 54. Kc2 Re1 55. Nf5 Rg1 56. Rg4 Kf8 57. Kc3 Rc1+ 58. Kd2 Rf1 59. b3 Rf2+ 60. Kc1 Ne5 61. Rxg7 Nd3+ 62. Kd1 Nb2+ 63. Kc1 Nd3+ 64. Kb1 Rb2+ 65. Ka1 Rxb3 66. Rb7 Ne1 67. Nh4 b4 68. f4 Nd3 69. f5 Rc3 70. f6 Rc1+ 71. Ka2 Rc2+ 72. Kb3 Nc5+ 73. Kxc2 Nxb7 74. Nf5 Kf7 75. Nxh6+ Kxf6 76. Kb3 Nc5+ 77. Kxb4 Nd3+ 78. Kc3 Nf4 79. Ng4+ Kg5 80. Ne3 1-0

[Event "Landesliga Sued 1617"]
[Site "Bayern"]
[Date "2017.03.19"]
[Round "7.3"]
[White "Lang, Zalan Andreas"]
[Black "Wisnet, Dominic"]
[Result "1-0"]
[WhiteElo "2246"]
[BlackElo "2281"]
[PlyCount "81"]
[EventDate "2016.10.16"]
[EventType "team-tourn"]
[EventRounds "9"]
[EventCountry "GER"]
[SourceTitle "EXT 2019"]
[Source "ChessBase"]
[SourceDate "2018.10.10"]
[SourceVersion "1"]
[SourceVersionDate "2018.10.10"]
[SourceQuality "1"]
[WhiteTeam "Haunstetten"]
[BlackTeam "Roehrnbach"]
[WhiteTeamCountry "GER"]
[BlackTeamCountry "GER"]

1. d4 Nf6 2. c4 c5 3. d5 e6 4. Nc3 exd5 5. cxd5 d6 6. Nf3 g6 7. g3 Bg7 8. Bg2 0-0 9. 0-0 Re8 10. Nd2 Nbd7 11. h3 Rb8 12. a4 a6 13. Nc4 Nb6 14. Ne3 Na8 15. Nc4 b5 16. axb5 axb5 17. Nxb5 Rxb5 18. Rxa8 Qc7 19. Bf4 Bf8 20. Qd2 Rb4 21. Rc1 Qb7 22. Ra3 Bf5 23. Re3 Qa6 24. Qc3 Bg7 25. Nxd6 Ne4 26. Qxb4 cxb4 27. Nxe8 Bxb2 28. Rb1 Qa2 29. Rxb2 Qxb2 30. Bxe4 Bxe4 31. Rxe4 Qb1+ 32. Kh2 f5 33. Re7 Qe1 34. Be3 Qd1 35. d6 f4 36. Nf6+ Kf8 37. Nxh7+ Kg8 38. Bxf4 Qd4 39. e3 Qb2 40. Kg2 g5 41. d7 1-0

[Event "Landesliga Sued 1617"]
[Site "Bayern"]
[Date "2017.01.15"]
[Round "4.1"]
[White "Wisnet, Dominic"]
[Black "Schuster, Karsten"]
[Result "0-1"]
[WhiteElo "2281"]
[BlackElo "2254"]
[PlyCount "78"]
[EventDate "2016.10.16"]
[EventType "team-tourn"]
[EventRounds "9"]
[EventCountry "GER"]
[SourceTitle "EXT 2019"]
[Source "ChessBase"]
[SourceDate "2018.10.10"]
[SourceVersion "1"]
[SourceVersionDate "2018.10.10"]
[SourceQuality "1"]
[WhiteTeam "Roehrnbach"]
[BlackTeam "Groebenzell"]
[WhiteTeamCountry "GER"]
[BlackTeamCountry "GER"]

1. Nf3 d5 2. c4 c6 3. g3 Bg4 4. Bg2 e6 5. cxd5 Bxf3 6. Bxf3 cxd5 7. 0-0 Nf6 8. d3 Nc6 9. Nc3 Be7 10. Bg2 0-0 11. Bf4 Qb6 12. Rb1 Rac8 13. h3 Rfd8 14. Bd2 a5 15. a3 Rd7 16. b4 axb4 17. axb4 Ra8 18. b5 Ne5 19. Na4 Qa7 20. Ra1 Rdd8 21. Qb3 Ned7 22. Be3 Qb8 23. Rfc1 Bd6 24. Ra2 Rc8 25. Rac2 Rxc2 26. Rxc2 Qd8 27. Bd2 Nb6 28. Ra2 h6 29. e4 dxe4 30. dxe4 Nxa4 31. Rxa4 Rxa4 32. Qxa4 Bc5 33. Qc2 Qb6 34. e5 Nd7 35. Qd3 Bxf2+ 36. Kh2 Nxe5 37. Qe4 Qxb5 38. Bc3 Nc6 39. h4 Qc5 0-1

[Event "Donau op 25th"]
[Site "Aschach"]
[Date "2016.12.31"]
[Round "7"]
[White "Wisnet, Dominic"]
[Black "Antal, Gergely"]
[Result "0-1"]
[WhiteElo "2296"]
[BlackElo "2546"]
[PlyCount "132"]
[EventDate "2016.12.26"]
[EventType "swiss"]
[EventRounds "7"]
[EventCountry "AUT"]
[SourceTitle "CBM 176 Extra"]
[Source "ChessBase"]
[SourceDate "2017.03.02"]
[SourceVersion "1"]
[SourceVersionDate "2017.03.02"]
[SourceQuality "1"]

1. Nf3 d5 2. g3 g6 3. Bg2 Bg7 4. c4 c6 5. 0-0 Nf6 6. cxd5 cxd5 7. d4 0-0 8. Bf4 Ne4 9. Nc3 Nc6 10. Rc1 e6 11. h4 Nd6 12. b3 Nf5 13. e3 h6 14. Re1 Qe7 15. Re2 Rd8 16. Rd2 Nd6 17. Ne5 Nf5 18. e4 dxe4 19. Nxc6 bxc6 20. Bxe4 Nxd4 21. Nb5 e5 22. Nxd4 Rxd4 23. Rxd4 exd4 24. Bxc6 Bb7 25. Qf3 Bxc6 26. Rxc6 Rd8 27. Rc7 Qf6 28. Qd3 Re8 29. Bd2 a6 30. a4 Qe6 31. Qf3 Rb8 32. b4 Qa2 33. Rd7 Rf8 34. Bf4 Rc8 35. Bc7 Qe6 36. Rd8+ Rxd8 37. Bxd8 Qe1+ 38. Kg2 Qxb4 39. Qc6 d3 40. Qd5 d2 41. Ba5 Qxa5 42. Qxa5 d1Q 43. Qxa6 Qd5+ 44. Kf1 Bd4 45. Qd3 Qh1+ 46. Ke2 Qa1 47. Qc2 Kg7 48. Kd3 Ba7 49. Ke2 Kg8 50. f4 Qg1 51. Qc8+ Kg7 52. Qc3+ Bd4 53. Qd3 Qg2+ 54. Kd1 Qg1+ 55. Ke2 Qf2+ 56. Kd1 Be3 57. h5 gxh5 58. Qc3+ Bd4 59. Qc4 Bf6 60. a5 Qd4+ 61. Qxd4 Bxd4 62. Ke2 Kf6 63. Kd3 Bf2 64. a6 Kf5 65. Ke2 Bb6 66. Kf3 Ba7 0-1

[Event "Landesliga Sued 1617"]
[Site "Bayern"]
[Date "2016.11.20"]
[Round "2.4"]
[White "Wisnet, Dominic"]
[Black "Krstic, Petar"]
[Result "1-0"]
[WhiteElo "2281"]
[BlackElo "2334"]
[PlyCount "103"]
[EventDate "2016.10.16"]
[EventType "team-tourn"]
[EventRounds "9"]
[EventCountry "GER"]
[SourceTitle "EXT 2019"]
[Source "ChessBase"]
[SourceDate "2018.10.10"]
[SourceVersion "1"]
[SourceVersionDate "2018.10.10"]
[SourceQuality "1"]
[WhiteTeam "Roehrnbach"]
[BlackTeam "Deggendorf"]
[WhiteTeamCountry "GER"]
[BlackTeamCountry "GER"]

1. Nf3 Nf6 2. g3 d5 3. Bg2 c6 4. 0-0 Bg4 5. c4 dxc4 6. Na3 Nbd7 7. Nxc4 e6 8. d3 Be7 9. b4 0-0 10. Rb1 Nd5 11. Bd2 Bf6 12. Qc2 a6 13. Rfc1 Qe7 14. a4 Rfc8 15. Ne3 Bh5 16. h3 h6 17. Nc4 Nc7 18. Na5 Rab8 19. Be3 Nd5 20. Ba7 Ra8 21. Bc5 Nxc5 22. bxc5 Nc3 23. Rb3 Qxc5 24. Rxc3 Bxc3 25. Qxc3 Qxc3 26. Rxc3 Rc7 27. g4 Bg6 28. Ne5 Bh7 29. Rb3 f6 30. Nf3 Ra7 31. Rb6 Kf7 32. Nd2 Ke7 33. Ndb3 Kd6 34. Nc4+ Ke7 35. Nc5 a5 36. d4 Bg8 37. Nd2 e5 38. e3 exd4 39. exd4 Kd8 40. Rb2 Re7 41. Bxc6 bxc6 42. Rb8+ Kc7 43. Rxg8 Kd6 44. Kg2 f5 45. gxf5 Rf7 46. Nde4+ Ke7 47. Kg3 Rxf5 48. Rxg7+ Rf7 49. Rg6 Ra8 50. Re6+ Kf8 51. Rxc6 Kg7 52. d5 1-0

[Event "Bayern-ch"]
[Site "Bad Griesbach"]
[Date "2016.08.22"]
[Round "3"]
[White "Schelle, Artur"]
[Black "Wisnet, Dominic"]
[Result "0-1"]
[WhiteElo "2200"]
[BlackElo "2297"]
[PlyCount "58"]
[EventDate "2016.08.21"]
[EventType "swiss"]
[EventRounds "9"]
[EventCountry "GER"]
[SourceTitle "EXT 2022"]
[Source "ChessBase"]
[SourceDate "2021.10.06"]
[SourceVersion "1"]
[SourceVersionDate "2021.10.06"]
[SourceQuality "1"]

1. e4 c5 2. Nc3 a6 3. g3 b5 4. Bg2 Bb7 5. f4 b4 6. Na4 e6 7. d3 d5 8. exd5 Nf6 9. Qe2 Bxd5 10. Nf3 Be7 11. 0-0 0-0 12. Kh1 Nc6 13. b3 Nd7 14. Bb2 Bf6 15. Qf2 Rc8 16. a3 Qe7 17. Ne5 Bxg2+ 18. Qxg2 Ndxe5 19. fxe5 Bxe5 20. Bxe5 Nxe5 21. Rfe1 Qc7 22. Nb2 a5 23. Re2 Rfd8 24. a4 Rd5 25. Rae1 h5 26. h3 Nc6 27. Nc4 Rg5 28. Re3 Nd4 29. Re5 Nf5 0-1

[Event "Regionalliga SO 1516"]
[Site "Bayern"]
[Date "2016.01.31"]
[Round "6.1"]
[White "Michaelis, Martin"]
[Black "Wisnet, Dominic"]
[Result "1/2-1/2"]
[WhiteElo "2253"]
[BlackElo "2344"]
[PlyCount "143"]
[EventDate "2015.10.11"]
[EventType "team-tourn"]
[EventRounds "9"]
[EventCountry "GER"]
[SourceTitle "EXT 2018"]
[Source "ChessBase"]
[SourceDate "2017.10.13"]
[SourceVersion "1"]
[SourceVersionDate "2017.10.13"]
[SourceQuality "1"]
[WhiteTeam "Ingolstadt"]
[BlackTeam "Roehrnbach"]
[WhiteTeamCountry "GER"]
[BlackTeamCountry "GER"]

1. d4 Nf6 2. Nf3 e6 3. c4 c5 4. d5 exd5 5. cxd5 d6 6. Nc3 g6 7. Bf4 Bg7 8. Qa4+ Bd7 9. Qb3 Qc7 10. e4 0-0 11. Nd2 Nh5 12. Be3 f5 13. exf5 gxf5 14. Be2 Be8 15. Nc4 Qe7 16. Bxh5 Bxh5 17. 0-0 f4 18. Bd2 Nd7 19. Rae1 Ne5 20. f3 Rf5 21. Nb5 Rd8 22. Nxa7 Bf7 23. Nb6 Qh4 24. Re4 Nc6 25. Be1 Qh6 26. Nb5 Rh5 27. h3 Kh8 28. Qd1 Ne5 29. Bd2 Rf5 30. Bc3 Rg8 31. Rf2 Be8 32. Nc7 Bh5 33. Kf1 Bf6 34. Nc4 Nxc4 35. Bxf6+ Qxf6 36. Rxc4 Bf7 37. Re4 Qg5 38. Rd2 Qg3 39. Qe1 Qh2 40. Qf2 Rfg5 41. Qg1 Qxh3 42. Rxf4 Qd7 43. Ne6 Qb5+ 44. Ke1 Re5+ 45. Re4 Rxe4+ 46. fxe4 Qc4 47. Qe3 Bxe6 48. dxe6 Qxe6 49. Qf4 Qe7 50. Qxd6 Qxe4+ 51. Kf1 Qb1+ 52. Kf2 Qf5+ 53. Kg1 Qg5 54. Rf2 b5 55. Qf6+ Qxf6 56. Rxf6 Rd8 57. Rb6 b4 58. a3 Rd4 59. axb4 cxb4 60. Rb7 Kg8 61. Kf1 h5 62. Ke2 h4 63. Kf3 Kf8 64. Ke3 Rc4 65. Kd3 Rg4 66. b3 Kg8 67. Ke3 Rg3+ 68. Kf4 Rxg2 69. Rxb4 h3 70. Kf3 Rb2 71. Kg3 h2 72. Rh4 1/2-1/2